[Event "Malakoff op 09th"]
[Site "Malakoff"]
[Date "2009.04.15"]
[Round "7"]
[White "Nguyen, Chi Minh"]
[Black "Sveshnikov, Vladimir"]
[Result "0-1"]
[WhiteElo "2439"]
[BlackElo "2385"]
[Annotator "Malakoff/Primel,D"]
[PlyCount "52"]
[EventDate "2009.04.11"]
[EventType "swiss"]
[EventRounds "9"]
[EventCountry "FRA"]
[SourceTitle "EXT 2010"]
[Source "ChessBase"]
[SourceDate "2010.11.25"]
[SourceVersion "1"]
[SourceVersionDate "2010.11.25"]
[SourceQuality "1"]

1. d4 {1h30} d5 2. c4 e6 3. Nc3 Nf6 4. Bg5 c6 5. cxd5 exd5 6. Qc2 {[%csl Gf5]
Les blancs ont deux autres alternatives 6.e3 et Nf3 mais il vaut mieux
retarder la sortie du N pour garder l'option du plan Nge2} (6. e3) 6... Nbd7 (
6... Be7 {plus courant} 7. Nf3 g6 {[%cal Gc8f5]} 8. e4 (8. e3 Bf5 $132) 8...
Nxe4 9. Bxe7 {Karpov,A (2725)-Jussupow,A (2450) URS-ch55 Moscow 1988 (9) 1-0})
(6... Na6 $1 {[%cal Ga6b4]} 7. a3 Nc7 (7... g6 8. e4) 8. e3 Ne6 9. Bh4 Be7 10.
Nf3 g6 11. Bd3 Ng7 {[%cal Gc8f5]} 12. O-O Bf5 $11 {Novikov,I (2500)-Sveshnikov,
E (2450) URS-chT Nabereznye Chelny 1988 1-0}) 7. e3 h6 {Un ordre de coups
assez rare mais c'est en fait, une simple transposition} (7... Be7 {la grande
ligne}) 8. Bh4 (8. Bf4 $143 $6 Nh5 $11) 8... Be7 9. Bd3 O-O ({RR} 9... b6 10.
Nf3 Bb7 11. O-O O-O 12. Rad1 Re8 13. Bg3 Nf8 14. h3 Bd6 15. Ne5 Qc7 16. f4 a6
17. Bh4 N6d7 18. Qf2 b5 19. Ne2 c5 20. Ng3 c4 21. Bb1 f6 22. Nf5 fxe5 23. Qg3
g6 24. fxe5 {Bacrot,E (2708)-Luce,S (2378)/Paris 2006/Mega2009 Update 10/1-0})
10. h3 $6 {1h24 A nouveau un coup trés rare et probablement prématuré, même si
h3 se joue dans la variante de Carlsbad mais beaucoup plus tard.} (10. Nf3 $142
) (10. Nge2 $142) ({RR} 10. O-O-O b5 11. Kb1 a5 12. Nf3 a4 13. Rhg1 Nb6 14. Ne5
Bd7 15. g4 g5 16. f4 Ne8 17. fxg5 hxg5 18. Bg3 Nc4 19. Rdf1 Bf6 20. Qg2 Kg7 21.
Qh3 Rh8 22. Qxh8+ Kxh8 23. Nxf7+ Kg7 24. Nxd8 Nd2+ {Gurgenidze,B-Radovici,C/
Sofia 1958/MCD/1-0 (37)}) 10... Re8 $11 {[%cal Gd7f8] 1h30 Les noirs ne sont
pas surpris par le coup précédent des blancs et ils répondent а tempo} 11. Bg3
$6 $146 {Le plan des blancs est trés lent et pour garder le B de cases noires,
le MI vient de dépenser 2 tempi d'affilée.} (11. Nge2 {Kasyan,A (2267)
-Khamrakulov,D (2322) UZB-ch Tashkent 2007 (8) 0-1}) 11... a6 $6 (11... Ne4
$142 $1 {il faut essayer de profiter de l'avance de développement et le
sacrifice donne assez de compensations pour les noirs.} 12. Bxe4 (12. Nxe4 dxe4
13. Bxe4 Nf6 14. Bd3 Qa5+ (14... Nd5 {[%cal Gd5b4,Gb4d3,Gb4c2]} 15. Ne2 Qa5+)
15. Kf1 c5 16. Ne2 Be6 {[%cal Ga8c8,Gc8c2]} 17. Nf4 Bd7 18. dxc5 Bxc5 19. Kg1 {
[%cal Gg1h2]} Ba4 (19... Rac8 $36 {[%cal Gc8c2]}) 20. b3 Bc6 21. Kh2 Ne4 $36))
12. Nf3 b6 {[%cal Gc8b7]} 13. O-O $14 {1h14} Bb7 {1h28} 14. Rad1 {[%cal Gd1d4]}
c5 15. Bf5 $5 {[%csl Gc8] 1h20 Anticipe Rc8} (15. Ne5 $14) 15... c4 {[%cal
Gb6b5] 1h21 Mobilisant logiquement la majorité de l'aile-dame} (15... g6 $2 16.
Bxg6 $1 $40) 16. Ne5 $14 b5 17. Ne2 Nf8 18. Qd2 {51 mns} Bd6 19. f4 {[%csl Ge5]
50 Tente de jouer une structure d'attaque Pillsbury mais les blancs vont
ensuite jouer passivement et après la réaction des noirs au centre,
l'ukrainien va prendre l'avantage.} Qc7 20. Bh2 $6 (20. a4 $142 $1 b4 (20...
bxa4 21. Nc3 $132) (20... Ne4 21. Bxe4) 21. Bh4 Ne4 22. Bxe4 dxe4 23. Rc1 {
[%csl Rc4][%cal Gc1c4,Ge5c4]}) 20... Rad8 21. Kh1 $6 Ne4 $1 $36 22. Qe1 f6 23.
Bxe4 $6 (23. Ng6 $142) 23... dxe4 24. Ng4 h5 $1 25. Nf2 Kf7 $1 26. g4 $6 h4 $1
{[%csl Rf2,Rg3,Rh2] les blancs sont comlètement dominés Suite illisible et
gain noir au 50ème coup.} 0-1

[Event "FIDE World Cup 13-14"]
[Site "Khanty-Mansiysk"]
[Date "2005.12.15"]
[Round "7.1"]
[White "Van Wely, Loek"]
[Black "Dreev, Alexey"]
[Result "1-0"]
[WhiteElo "2648"]
[BlackElo "2694"]
[Annotator "Marin,M"]
[PlyCount "111"]
[EventDate "2005.11.27"]
[EventType "k.o."]
[EventRounds "7"]
[EventCountry "RUS"]
[SourceTitle "CBM 111"]
[Source "ChessBase"]
[SourceDate "2006.04.04"]
[SourceVersion "1"]
[SourceVersionDate "2006.04.04"]
[SourceQuality "1"]

1. d4 d5 2. c4 c6 3. Nc3 Nf6 4. Nf3 e6 5. Bg5 Nbd7 6. cxd5 exd5 7. e3 Be7 8.
Qc2 Nh5 9. Bxe7 Qxe7 10. O-O-O Nhf6 $5 {Not a very popular line. The willing
knight retreat aims to prevent White from advancing the white g-pawn without
needing to support it with h3. The question whether the knight is really
better placed on g7 (after 10...g6 11.g4) remains open.} 11. Bd3 Nb6 12. h3 ({
The immediate occupation of the e5-square with} 12. Ne5 {seems to be premature
in view of} Ng4 13. Nxg4 (13. e4 $6 Nxe5 14. dxe5 d4 15. Ne2 Qxe5 16. Kb1 Be6
17. f4 Qa5 18. a3 c5 19. f5 Bd7 20. Rc1 Rc8 21. e5 c4 22. e6 Ba4 {0-1 Aagaard,
J (2285)-Welling,G (2335)/Budapest 1992/EXT 2002}) 13... Bxg4 14. f3 $6 (14.
Rde1 O-O-O) 14... Qxe3+ 15. Kb1 Be6 16. Bxh7 Qf4 17. Ne2 Qg5 18. f4 Qxg2 19.
Rhg1 Qh3 20. Rxg7 Qxh2 21. Bf5 Qh6 22. Rdg1 Qf6 23. Bxe6 Qxe6 24. f5 Qf6 25.
Qd3 O-O-O $17 {1/2-1/2 Huss,A (2325)-Kelecevic,N (2435)/Zuerich 1997/CBM 062
ext (45)}) ({However, it is not entirely clear whether White should prevent ...
Bg4 at such an early stage.} 12. Kb1 {[%cal Yd1c1,Yc3a4] looks entirely
playable, leaving the choice regardint the king side configuration for a later
stage of the game.} Bg4 13. Rc1 {[%cal Yf3e5]} Bxf3 14. gxf3 {This exchange
has only strenghened White's centre.} O-O-O 15. Qb3 Qe6 (15... Kb8 16. a4 Nc8
17. a5 Qc7 18. a6 $14 {[%csl Yc6]}) 16. a4 $1 $36 Ne8 17. Qc2 Kb8 18. a5 Nc8
19. Na4 $16 a6 20. Qb3 Ka7 (20... Ka8 $142) 21. Nc5 Qe7 {1-0 Matamoros Franco,
C (2467)-Valdes,L (2338)/Malaga 2001/EXT 2002 (29)} 22. Nxa6 $1 bxa6 23. Rxc6
Nc7 24. Rhc1 $18) 12... Be6 13. Kb1 O-O-O 14. Ka1 ({Later in the same match,
in rapid play already, Van Wely transferred the knight to b3 without any prior
preparation, possibly under the impression of our main game.} 14. Nd2 Ne8 15.
Nb3 Nd6 16. Nc5 $14 {0-1 Van Wely,L (2648)-Dreev,A (2694)/Khanty Mansyisk 2005/
CBM 111 (91)}) 14... Kb8 15. Rb1 $146 {It is not really customary to prepare
the minority's attack with this move when the king is on a1. In fact, White
will only keep the advance of the b-pawn as a potential threat, but never play
it effectively.} ({The new concept relies not in the move itself, but in the
fact that White refrains from the standard plan} 15. Rc1 g6 16. Rhd1 Rc8 17.
Na4 Nxa4 18. Qxa4 {[%cal Yc1c3] . The main difference compared to the
positions where the black king's knight is placed on g7 becomes obvious after}
Ne4 $1 {[%csl Yc3,Yf2]} 19. Qc2 Nd6 {when Black achieves an optimal
regroupment with gain of time.} 20. g4 f6 21. Rg1 g5 22. Nd2 h5 23. Nb3 hxg4
24. hxg4 Rh4 25. f3 Rh3 $132 {1/2-1/2 Gustafsson,J (2535)-Kosanovic,G (2437)/
Budapest 2001/CBM 082 ext (56)}) 15... Ne8 16. Nd2 Nd6 17. Nb3 {In the lines
based on ...g6 and ...Ng7, the knight is usually transferred to e6, covering
the c5-square. Now, this square is vulnerable, which justifies White's plan.}
Qf6 18. f3 {It is not easy for Black to prevent WHite from putting his centre
into motion.} Rhe8 19. Rhe1 h5 20. Rbd1 h4 {We can see now that the early
advance of the h-pawn somewhat restricts White's possibilities.} 21. Qf2 Qg5
22. e4 dxe4 23. fxe4 Bxb3 24. axb3 f6 25. Bc2 Nbc8 26. Rd3 $14 {White has an
active position and can quietly prepare the further advance of either of his
central pawns.} Re7 27. Kb1 Rde8 28. Rf3 Rh8 29. Rf4 Qh5 30. Bd1 Qh7 31. Ka2
Nb6 32. e5 Ne8 33. exf6 Rxe1 34. fxg7 Qxg7 35. Qxe1 Nc7 36. Rxh4 Re8 37. Re4
Rd8 38. Qh4 Qg8 39. Rg4 Qf8 40. Qg3 a5 41. Rg7 Nba8 42. h4 Qf6 43. Rg8 Rxg8 44.
Qxg8+ Ka7 45. Qg5 Qxd4 46. Qxa5+ Na6 47. h5 N8c7 48. h6 b5 49. h7 Kb7 50. Bf3
Qg7 51. Nxb5 Qxh7 52. Nd6+ Ka7 53. Bxc6 Qc2 54. Nb5+ Kb8 55. Qb6+ Kc8 56. Bb7+
1-0

[Event "EU-ch 6th playoff qual"]
[Site "Warsaw"]
[Date "2005.07.02"]
[Round "1.3"]
[White "Bocharov, Dmitry"]
[Black "Azarov, Sergei Nikolaevich"]
[Result "0-1"]
[WhiteElo "2574"]
[BlackElo "2572"]
[Annotator "Marin,M"]
[PlyCount "80"]
[EventDate "2005.07.02"]
[EventType "k.o."]
[EventRounds "1"]
[EventCountry "POL"]
[SourceTitle "CBM 108"]
[Source "ChessBase"]
[SourceDate "2005.09.26"]
[SourceVersion "1"]
[SourceVersionDate "2005.09.26"]
[SourceQuality "1"]

1. d4 Nf6 2. c4 e6 3. Nf3 d5 4. Nc3 Be7 5. Bg5 O-O 6. cxd5 exd5 7. e3 Nbd7 8.
Bd3 Re8 9. Qc2 Nf8 10. h3 c6 11. Bf4 $5 {If White intends to castle long in
this variation, he has to spend a tempo on retreating the bishop.} ({The
imemdiate} 11. O-O-O {is stronlgly met by} Ne4 $1) 11... Ng6 12. Bh2 Bd6 13.
Bxd6 Qxd6 14. O-O-O Be6 15. Kb1 Rac8 {Black's play so far has been very
logical. He has completed his development and is ready to start active
operations along the c-file. In doing so he was helped by the fact that White
is basically a tempo down compared to the lines with the development of the
bishop on f4.} 16. g4 {It's a good question whether this move is well timed or
White should first take preventive measures on the opposite wing.} ({In
practice,} 16. Rc1 {has been sligthly more popular, with Black usually replying
} b6 {. Here is an example from the last years.} 17. g4 c5 18. Ba6 Rb8 19. Nb5
Qd7 $6 (19... Qe7 $1 20. dxc5 (20. Ne5 Nxe5 21. dxe5 Ne4 22. f3 Ng5 23. Rcf1 f6
$13) 20... bxc5 21. Qxc5 Rb6 22. Qxe7 Rxe7 23. Nc7 Rxc7 24. Rxc7 Rxa6 25. Nd4
$13) 20. Ne5 $1 (20. dxc5 bxc5 21. Qxc5 Rb6 22. Nc7 Reb8 23. b3 Qa4 $40) 20...
Nxe5 21. dxe5 Ne4 22. f3 Ng5 23. Nd6 Nxf3 24. Bb5 $1 $16 {1-0 Khenkin,I (2579)
-Halasz,T (2382)/Recklinghausen 2001/CBM 083 ext (49)}) 16... c5 17. dxc5 Qxc5
18. Nd4 (18. Rc1 Qa5 19. Nd4 a6 (19... Ne4 $5 $132) 20. f4 Bd7 21. g5 Ne4 22.
Bxe4 dxe4 23. h4 Bb5 (23... b5 $1 $132) 24. Ndxb5 axb5 25. h5 Ne7 26. g6 $1 (
26. Qb3 $6 b4 {0-1 Plischki,S (2366)-Zeberski,J (2338)/Olomouc CZE 2005/TWIC
562 (38)}) 26... hxg6 (26... fxg6 27. Qb3+ Kh8 28. hxg6 Nxg6 29. Qf7 $40) 27.
hxg6 Nxg6 28. f5 Ne5 29. Qh2 $40) 18... Ne5 $6 $146 {This novelty will
eventually work out well but contains a tactical flow, typical for rapid chess
games.} (18... Bd7 19. Bf5 Bxf5 20. Qxf5 Ne7 (20... Nh4 $1 21. Qd3 (21. Qg5 Ng6
{/\ Re5} 22. Qf5 $11) 21... Ne4 $132) 21. Qd3 Nc6 22. Nb3 $14 {[%csl Yd5] 1-0
Lazarev,V (2501)-Tyomkin,D (2495)/North Bay 1999/EXT 2000 (51)}) 19. f4 $6 ({
Both players apparently missed the fact that after} 19. g5 $1 Nxd3 {White has
the strong intermediate move} 20. gxf6 $1 $16) 19... Nxd3 20. Qxd3 Ne4 $1 21.
Nxe4 dxe4 22. Qd2 Bc4 23. Rc1 Qd5 24. b3 Bd3+ {After having occupied with the
bishop this excellent outpost, Black has at least an equal game.} 25. Kb2 h5
26. g5 a5 $132 27. Rc3 a4 28. Rhc1 Rxc3 29. Qxc3 Qd7 30. f5 axb3 31. Qxb3 b5
32. Rc6 Bc4 33. Qb4 Qd8 34. h4 Qb8 35. Qd6 Qa7 36. a3 b4 37. axb4 Qa2+ 38. Kc3
Ra8 39. Nc2 Qb3+ 40. Kd2 Bd3 0-1